Visualizzazione normale
Vista MARC
- Dukas Paul
di Personal Name
Records bibliografici associati: 1
001 - CONTROL NUMBER
- control field: 5654
003 - CONTROL NUMBER IDENTIFIER
- control field: IT-RoPau
005 - DATE AND TIME OF LATEST TRANSACTION
- control field: 20131216213955.0
008 - FIXED-LENGTH DATA ELEMENTS
- fixed length control field: 131216|| aca||aabn | a|a d
040 ## - CATALOGING SOURCE
- Original cataloging agency: IT-RoPau
- Transcribing agency: IT-RoPau
100 ## - HEADING--PERSONAL NAME
- Personal name: Dukas Paul
- Dates associated with a name: Codice autore musica SPICS: 10666
- Relator term: Autore musica
- Name of part/section of a work: The Sorcerer's Apprentice
670 ## - SOURCE DATA FOUND
- Source citation: Work cat.: (IT-RoPau)103778: AA.VV. 794, Favorite Selections From "Fantasia" (Lp S 72875)